Statistics for WWE - Roddy Piper's PPV Opponents

Click here to take the quiz!

General Stats

  • This quiz has been taken 159 times
  • The average score is 16 of 22

Answer Stats

YearEventMatch TypeOpponent% Correct
2003Judgment DayMr. America
99%
1985WrestleManiaTag Team MatchHulk Hogan
98%
1985The Wrestling ClassicHulk Hogan
98%
1985WrestleManiaTag Team MatchMr. T
93%
1986WrestleMania IIBoxing MatchMr. T
93%
2009WrestleMania XXV3-on-1 Handicap MatchChris Jericho
90%
1992WrestleMania VIIIBret Hart
88%
1991Survivor Series4 vs. 4 Elimination MatchRic Flair
84%
1996WrestleMania XIIHollywood Backlot BrawlGoldust
80%
1991Survivor Series4 vs. 4 Elimination MatchTed DiBiase
76%
1989Survivor Series4 vs. 4 Elimination MatchMr. Perfect
71%
1990WrestleMania VIBad News Brown
67%
1989Survivor Series4 vs. 4 Elimination MatchRick Rude
66%
1987WrestleMania IIIHair vs. Hair MatchAdrian Adonis
65%
1994King of the RingJerry Lawler
59%
2006Cyber SundayTag Team MatchKenny
59%
1991Survivor Series4 vs. 4 Elimination MatchThe Mountie
59%
1992Royal RumbleThe Mountie
59%
2006Cyber SundayTag Team MatchMikey
57%
1991Survivor Series4 vs. 4 Elimination MatchThe Warlord
48%
1989Survivor Series4 vs. 4 Elimination MatchJacques Rougeau
45%
1989Survivor Series4 vs. 4 Elimination MatchRaymond Rougeau
45%

Score Distribution

Percentile by Number Answered

Percent of People with Each Score

Your Score History

You have not taken this quiz